| 000 | 00517nam a2200193 4500 | ||
|---|---|---|---|
| 003 | OSt | ||
| 005 | 20260601193905.0 | ||
| 008 | 260514b |||||||| |||| 00| 0 eng d | ||
| 040 |
_aICI _bspa _cICI _erda |
||
| 050 |
_aTR647.M66 _bT73 |
||
| 100 |
_aMontiel Klint, Gerardo _eautor _934405 |
||
| 245 | _aTransmigración | ||
| 264 |
_aMéxico _bCentro de la imágen _c1999 |
||
| 300 | _a48 páginas | ||
| 336 |
_2rdacontent _atexto |
||
| 337 |
_2rdamedia _asin medio |
||
| 338 |
_2rdacarrier _avolumen |
||
| 942 |
_2lcc _n1 _cB |
||
| 999 |
_c22377 _d22377 |
||